中国世界地质公园 = (Record no. 26541)
[ view plain ]
| 000 -LEADER | |
|---|---|
| fixed length control field | 01368cam a22003735a 4500 |
| 001 - CONTROL NUMBER | |
| control field | 14016173 |
| 003 - CONTROL NUMBER IDENTIFIER | |
| control field | EG-ScBUE |
| 005 - DATE AND TIME OF LATEST TRANSACTION | |
| control field | 20230524094958.0 |
| 008 - FIXED-LENGTH DATA ELEMENTS--GENERAL INFORMATION | |
| fixed length control field | 050624s2004 cc ab f 000 0 mul d |
| 020 ## - INTERNATIONAL STANDARD BOOK NUMBER | |
| International Standard Book Number | 7801638786 |
| 020 ## - INTERNATIONAL STANDARD BOOK NUMBER | |
| International Standard Book Number | 9787801638786 |
| 035 ## - SYSTEM CONTROL NUMBER | |
| System control number | (CStRLIN)DCLP05-B13372 |
| 040 ## - CATALOGING SOURCE | |
| Original cataloging agency | DLC-R |
| Language of cataloging | eng |
| Description conventions | rda |
| Transcribing agency | DLC-R |
| Modifying agency | DLC-R |
| -- | DLC |
| -- | EG-ScBUE |
| 041 0# - LANGUAGE CODE | |
| Language code of text/sound track or separate title | chi |
| -- | eng |
| 043 ## - GEOGRAPHIC AREA CODE | |
| Geographic area code | a-cc--- |
| 082 04 - DEWEY DECIMAL CLASSIFICATION NUMBER | |
| Classification number | 712.50951 |
| Item number | WOR |
| Edition number | 22 |
| 245 00 - TITLE STATEMENT | |
| Title | 中国世界地质公园 = |
| Remainder of title | Zhongguo shi jie di zhi gong yuan = The world geoparks of China / |
| Statement of responsibility, etc | Department of geological environment, Ministry of land and resources, P.R.C. |
| 246 31 - VARYING FORM OF TITLE | |
| Title proper/short title | World geoparks of China |
| 246 31 - VARYING FORM OF TITLE | |
| Title proper/short title | Zhongguo shi jie di zhi gong yuan |
| 250 ## - EDITION STATEMENT | |
| Edition statement | First edition. |
| 264 #1 - PUBLICATION, DISTRIBUTION, ETC. (IMPRINT) | |
| Place of publication, distribution, etc | Beijing : |
| Name of publisher, distributor, etc | z Hongguo Environmental Science Press, |
| Date of publication, distribution, etc | 2004. |
| 300 ## - PHYSICAL DESCRIPTION | |
| Extent | 141 pages : |
| Other physical details | color illustrations, maps (color) ; |
| Dimensions | 30 cm |
| 336 ## - CONTENT TYPE | |
| Source | rdacontent |
| Content type term | text |
| Content type code | txt |
| 337 ## - MEDIA TYPE | |
| Source | rdamedia |
| Media type term | unmediated |
| Media type code | n |
| 338 ## - CARRIER TYPE | |
| Source | rdacarrier |
| Carrier type term | volume |
| Carrier type code | nc |
| 546 ## - LANGUAGE NOTE | |
| Language note | Text in Chinese and English. |
| 650 #7 - SUBJECT ADDED ENTRY--TOPICAL TERM | |
| Topical term or geographic name as entry element | Geoparks |
| Geographic subdivision | China. |
| Source of heading or term | BUEsh |
| 651 ## - SUBJECT ADDED ENTRY--GEOGRAPHIC NAME | |
| Source of heading or term | BUEsh |
| 653 ## - INDEX TERM--UNCONTROLLED | |
| Resource For college | Generalities |
| Arrived date list | April2018 |
| 655 ## - INDEX TERM--GENRE/FORM | |
| Form subdivision | Reading book |
| 9 (RLIN) | 34232 |
| 710 1# - ADDED ENTRY--CORPORATE NAME | |
| Corporate name or jurisdiction name as entry element | China. |
| Subordinate unit | Ministry of land and resources. |
| -- | Department of geological environment, |
| Relator term | contributor. |
| 942 ## - ADDED ENTRY ELEMENTS (KOHA) | |
| Source of classification or shelving scheme | Dewey Decimal Classification |
| Koha item type | Book - Borrowing |
| Withdrawn status | Lost status | Source of classification or shelving scheme | Damaged status | Not for loan | Collection code | Home library | Current library | Shelving location | Date acquired | Source of acquisition | Total Checkouts | Full call number | Barcode | Date last seen | Price effective from | Koha item type |
|---|---|---|---|---|---|---|---|---|---|---|---|---|---|---|---|---|
| Dewey Decimal Classification | Donation-Gift | Central Library | Central Library | Second Floor | 18/04/2018 | Donation | 712.50951 WOR | 000043204 | 15/07/2025 | 18/04/2018 | Book - Borrowing |